Analýza ceny práce. 2

Mzdový vývoj v nefinančných podnikateľských subjektoch za 1.-3. štvrťrok 1996. Zaostávanie produktivity práce v priemyselnej výrobe. Porovnanie priemerných nominálnych miezd v rozpočtovej a príspevkovej sfére. Diferenciácia dynamiky mzdového vývoja z hľadiska štruktúry organizácií podľa vybraných dr...

Ausführliche Beschreibung

Gespeichert in:
Bibliographische Detailangaben
1. Verfasser: Klein, M.
Format: Buchkapitel
Sprache:Slowakisch
Schlagworte:
Tags: Tag hinzufügen
Keine Tags, Fügen Sie das erste Tag hinzu!

MARC

LEADER 00000naa a2200000 4500
001 r025930
005 20230825080152.5
041 0 |a slo 
044 |a SK 
245 1 0 |a Analýza ceny práce. 2  |c M. Klein 
520 |a Mzdový vývoj v nefinančných podnikateľských subjektoch za 1.-3. štvrťrok 1996. Zaostávanie produktivity práce v priemyselnej výrobe. Porovnanie priemerných nominálnych miezd v rozpočtovej a príspevkovej sfére. Diferenciácia dynamiky mzdového vývoja z hľadiska štruktúry organizácií podľa vybraných druhov vlastníctva. 
610 2 0 |a vývoj mzdový 
610 2 0 |a cena práce 
610 2 0 |a analýza ekonomická 
610 2 0 |a Slovensko 
610 2 0 |a mzdy 
610 2 0 |a mzdy nominálne 
610 2 0 |a organizácie rozpočtové 
610 2 0 |a organizácie príspevkové 
610 2 0 |a údaje štatistické 
610 2 0 |a január-september 
610 2 0 |a 1996 
100 1 |a Klein, M.